000
00309nam a22001457a 4500
008
210426b ||||| |||| 00| 0 eng d
020
_a
9780495014423
041
_a
eng
080
_a
510
082
_a
510
100
_a
36
101
_a
MAT
245
_a
Essentials Calculus
_c
Stewart,J
942
_2
udc
_c
BK
999
_c
56757
_d
56757